[Básne]

Bibliographic Details
Main Author: Vlado, Martin, 1959- (Author)
Format: Article
Language:Slovak
ISSN:1335-1702
Subjects:

MARC

LEADER 00000nab a2200000 a 4500
001 vtls000865323
003 SK-MaSNL
005 20260304104858.0
008 250429c2003 xo 0 slo
015 |a SNBRB2004/03-07754 
035 |a CLN000216875 
035 |a urn:nbn:sk:snk-ab9won 
035 |a (urnnbn)urn:nbn:sk:snk:ar-a092nu 
035 |a (uuid)3487e243-7557-437f-a7e0-fe4c527db85f 
040 |a SNKBUCL  |b slo  |c SNKBUCL  |e AACR2 
041 0 |a slo 
044 |a xo  |c SK 
080 |a 821.162.4-1  |2 1997 
100 1 |a Vlado, Martin,  |d 1959-  |4 aut  |9 14312 
245 1 0 |a [Básne]  |c Martin Vlado 
505 1 |a Obecný blázon má svoje muchy ... -- Milujeme sa milujeme sa rýchlo ... -- Prečo sa bojíš smrti ... 
650 0 7 |a lyrické básne, slovenské  |2 snkbucl  |9 28980 
655 7 |a články z novín a časopisov  |2 snkbucl  |9 267496 
773 0 |t RAK  |g Roč. 8, č. 4-5 (2003), s. 27-28  |x 1335-1702 
850 |a Slovenská národná knižnica 
852 |a Slovenská národná knižnica 
958 |a article13 
958 |a LX 
958 |a OND 
958 |a EUIPO 
992 |a RBX 
999 |c 2853404  |d 2855334